[Event "Meghalaya op 1st"]
[Site "Shillong"]
[Date "2023.12.19"]
[Round "9"]
[White "Majumder, Shrayan"]
[Black "Jesumarian, Rebecca"]
[Result "1/2-1/2"]
[WhiteElo "1964"]
[BlackElo "1716"]
[PlyCount "193"]
[EventDate "2023.12.13"]
[EventType "swiss"]
[EventRounds "10"]
[EventCountry "IND"]
[SourceTitle "CB52_2023"]
[SourceDate "2023.12.27"]
[SourceVersion "1"]
[SourceVersionDate "2023.12.27"]
[SourceQuality "1"]

1. d4 Nf6 2. c4 g6 3. Nc3 Bg7 4. e4 d6 5. Be2 0-0 6. Bg5 c5 7. d5 e6 8. Qd2 Qa5 9. Nf3 exd5 10. exd5 a6 11. 0-0 Nbd7 12. Rfe1 b5 13. cxb5 Bb7 14. bxa6 Bxa6 15. Bxa6 Rxa6 16. Bh6 Qb4 17. Bxg7 Kxg7 18. Rad1 Rb8 19. b3 Qa5 20. Re7 Qd8 21. Qe2 Qxe7 22. Qxe7 Re8 23. Qxe8 Nxe8 24. Re1 Nef6 25. Ng5 h6 26. Nge4 Ng4 27. a4 f5 28. Nd2 Ngf6 29. Nc4 Nb6 30. Re7+ Kf8 31. Re6 Nxc4 32. bxc4 Kf7 33. f3 Ne8 34. Kf2 Nc7 35. Re1 Na8 36. Re6 Nc7 37. Re2 Na8 38. Ke3 f4+ 39. Kd3 Nb6 40. Re4 Nxa4 41. Rxf4+ Kg7 42. Nxa4 Rxa4 43. h4 Ra3+ 44. Ke2 Ra2+ 45. Kf1 Rc2 46. Kg1 Rc1+ 47. Kh2 Rc2 48. Kh3 Rc1 49. g3 Rc2 50. Kg4 Rh2 51. Re4 Kf7 52. Kf4 Ra2 53. Re6 Ra4 54. Rxd6 Rxc4+ 55. Ke5 Rc1 56. Rf6+ Kg7 57. Rf4 c4 58. d6 c3 59. d7 Rd1 60. Ke6 c2 61. Rc4 Re1+ 62. Kd6 Rd1+ 63. Ke6 Re1+ 64. Kd6 Rd1+ 65. Ke5 Rxd7 66. Rxc2 h5 67. Rc5 Rf7 68. Ke4 Re7+ 69. Re5 Ra7 70. Kf4 Rf7+ 71. Ke4 Ra7 72. Rd5 Re7+ 73. Re5 Ra7 74. Rd5 Re7+ 75. Kf4 Rf7+ 76. Ke3 Re7+ 77. Kf2 Rf7 78. Rg5 Kh6 79. f4 Rf8 80. Kf3 Rf7 81. g4 hxg4+ 82. Kxg4 Ra7 83. h5 Ra6 84. Rb5 gxh5+ 85. Rxh5+ Kg7 86. Kg5 Ra5+ 87. f5 Ra1 88. f6+ Kg8 89. Kg6 Rg1+ 90. Kf5 Rf1+ 91. Ke6 Re1+ 92. Re5 Rxe5+ 93. Kxe5 Kf7 94. Kf5 Kf8 95. Kg6 Kg8 96. f7+ Kf8 97. Kf6 1/2-1/2

[Event "IND-ch (Women) 49th"]
[Site "Ahmedabad"]
[Date "2023.07.03"]
[Round "4"]
[White "Chaarvi, Choudhury"]
[Black "Jesumarian, Rebecca"]
[Result "0-1"]
[WhiteElo "1456"]
[BlackElo "1749"]
[PlyCount "102"]
[EventDate "2023.06.30"]
[EventType "swiss"]
[EventRounds "11"]
[EventCountry "IND"]
[SourceTitle "CBM 215 Extra"]
[Source "ChessBase"]
[SourceDate "2023.09.30"]
[SourceVersion "1"]
[SourceVersionDate "2023.09.30"]
[SourceQuality "1"]

1. e4 c5 2. Nf3 d6 3. d4 cxd4 4. Nxd4 Nf6 5. Nc3 a6 6. Be2 e5 7. Nb3 Be7 8. 0-0 0-0 9. f4 Nbd7 10. f5 b5 11. a3 Bb7 12. Bf3 Qb6+ 13. Kh1 a5 14. a4 b4 15. Nd5 Bxd5 16. exd5 e4 17. Be2 Qb7 18. Bb5 Ne5 19. Rf4 Nxd5 20. Rf1 Nf6 21. Bf4 Nc6 22. Bg5 Qc7 23. Bxf6 Bxf6 24. Qd5 Na7 25. Qxe4 Bxb2 26. f6 Nxb5 27. axb5 Bxa1 28. Nxa1 gxf6 29. b6 Qc3 30. b7 Rae8 31. Qh4 a4 32. h3 d5 33. Kh2 Re4 34. Qf2 Qe5+ 35. Kh1 Re2 36. Qf3 Re1 37. c3 Rxf1+ 38. Qxf1 b3 39. Qc1 Re8 40. c4 Qe1+ 41. Qxe1 Rxe1+ 42. Kh2 Re8 43. c5 b2 44. Nb3 b1Q 45. c6 Qxb3 46. h4 Qb6 47. h5 Qxc6 48. h6 Qxb7 49. g4 Qb3 50. g5 Re2+ 51. Kg1 Qd1# 0-1